000
00177nam a22000857a 4500
082
_a
050
245
_a
BHAVAN'S NAVNEET - HINDI - OCTOBER 2020
490
_a
OCTOBER 2020
942
_c
CR
999
_c
4857
_d
4857